La jeunesse de Swinburne (Record no. 88113)

MARC details
000 -LEADER
campo de control de longitud fija 00840nam a2200217 i 4500
001 - NÚMERO DE CONTROL
campo de control 88113
003 - IDENTIFICADOR DE NÚMERO DE CONTROL
campo de control ES-MaACL
005 - FECHA Y HORA DE LA ÚLTIMA TRANSACCIÓN
campo de control 20250809083426.0
007 - CAMPO FIJO DE DESCRIPCIÓN FÍSICA--INFORMACIÓN GENERAL
campo de control de longitud fija t|
008 - DATOS DE LONGITUD FIJA--INFORMACIÓN GENERAL
campo de control de longitud fija 050103s1928 fr ||||1| fre d
100 1# - ENTRADA PRINCIPAL--NOMBRE DE PERSONA
Nombre de persona Lafourcade, Georges.
9 (RLIN) 69524
245 13 - MENCIÓN DEL TÍTULO
Título La jeunesse de Swinburne
Resto del título : (1837-1867) /
Mención de responsabilidad, etc. Georges Lafourcade.
260 ## - PUBLICACIÓN, DISTRIBUCIÓN, ETC.
Lugar de publicación, distribución, etc. París :
Nombre del editor, distribuidor, etc. Les Belles Lettres,
Fecha de publicación, distribución, etc. 1928 (
Fabricante Presses Modernes)
300 ## - DESCRIPCIÓN FÍSICA
Extensión 2 v. :
Otras características físicas il. ;
Dimensiones 26 cm.
490 1# - MENCIÓN DE SERIE
Mención de serie Publications de la Faculté des lettres de l'Université de Strasbourg ;
Designación de volumen o secuencia Fascicule 44-45
505 8# - NOTA DE CONTENIDO CON FORMATO
Nota de contenido con formato Contiene: T. 1. La Vie -- T. 2. L'Oeuvre
600 04 - PUNTO DE ACCESO ADICIONAL DE MATERIA--NOMBRE DE PERSONA
Nombre de persona Swinburne, Algernon Charles.
9 (RLIN) 108946
830 00 - PUNTO DE ACCESO ADICIONAL DE SERIE-TÍTULO UNIFORME
Título uniforme Publications de la Faculté des lettres de l'Université de Strasbourg
Designación de volumen o secuencia Fascicule 44-45
9 (RLIN) 184104
852 ## - LOCALIZACIÓN
Ubicación ES-MaACL
Número de control de estantería A-2186-87
Holdings
Estatus retirado Estado de pérdida Estado de daño No para préstamo Biblioteca de origen Biblioteca actual Ubicación en estantería Fecha de adquisición Fuente de adquisición Total de préstamos Signatura topográfica completa Código de barras Visto por última vez Precio de reemplazo Tipo de ítem Koha
        Biblioteca del Ateneo de Madrid Biblioteca del Ateneo de Madrid Sala Pecera Planta 1 17/01/2008     A-2186-87 1092045 23/02/2023 23/02/2023 Libro impreso